00342nam a2200109Ia 4500008004100000082002000041100003100061245001900092260003800111300000900149650007400158211119s9999||||xx |||||||||||||| ||und|| a894.8121bNAR-S aNarayana Panikkar, Kavalam 0aSopanathathvam bMathrubhumi Booksa2011cKottayam a252p aMalayalam LiteraturevMalayalam PoetryEconomicsxPGR-GANDHIAN STUDIES